[Event "IX Open"]
[Site "Crema ITA"]
[Date "2007.09.08"]
[Round "3"]
[White "Bozuffi, Italo"]
[Black "Caramaschi, Vincenzo"]
[Result "1-0"]
[WhiteElo "1888"]
[BlackElo "1416"]
[PlyCount "55"]
[EventDate "2007.09.07"]

1. f4 d6 2. Nf3 c5 3. e3 Nc6 4. c3 b6 5. Be2 Bb7 6. O-O e6 7. d4 cxd4 8. exd4
Be7 9. Qa4 a6 10. Qc2 Qc7 11. Ng5 h6 12. Nf3 Nf6 13. Nbd2 d5 14. Ne5 Nxe5 15.
fxe5 Ne4 16. Bf3 Nxd2 17. Bxd2 Bg5 18. Bh5 Rf8 19. Rf2 O-O-O 20. Raf1 f6 21.
Bd1 Qe7 22. Qb3 b5 23. a4 Bc6 24. Be2 Qb7 25. Bxb5 Bxd2 26. Rxd2 fxe5 27. Rxf8
Rxf8 28. Qa3 1-0

[Event "IX Open"]
[Site "Crema ITA"]
[Date "2007.09.08"]
[Round "3"]
[White "Bozzali, Ermanno"]
[Black "Lanni, Vincenzo"]
[Result "1-0"]
[WhiteElo "2116"]
[BlackElo "1904"]
[PlyCount "109"]
[EventDate "2007.09.07"]

1. d4 g6 2. Nf3 Bg7 3. c4 d6 4. Nc3 Nf6 5. Bf4 O-O 6. e3 c6 7. Be2 Nbd7 8. O-O
h6 9. Nd2 Re8 10. h3 Nf8 11. Bh2 Qb6 12. a3 Qd8 13. b4 e5 14. Nb3 exd4 15. exd4
d5 16. c5 g5 17. b5 Ne4 18. Nxe4 Rxe4 19. Bf3 Re8 20. bxc6 bxc6 21. Qd2 a5 22.
Rfe1 Rxe1+ 23. Rxe1 a4 24. Na1 Ne6 25. Be5 Bxe5 26. Rxe5 Qf6 27. Nc2 Bd7 28.
Qb4 Qf4 29. Bg4 Qc1+ 30. Ne1 Qc4 31. Qb7 Rd8 32. Bxe6 Bxe6 33. Qxc6 Rf8 34. Nf3
Qc1+ 35. Re1 Qxa3 36. Qa6 Bf5 37. Qxh6 Bg6 38. Qxg5 Qc3 39. Re7 a3 40. Ra7 Qb2
41. Qxd5 Qc1+ 42. Kh2 Qf4+ 43. g3 Qc1 44. Qa2 Rb8 45. Qxa3 Qf1 46. Qe3 Rb1 47.
Ra8+ Kh7 48. Ng5+ Kg7 49. Qe5+ Kh6 50. Rh8+ Bh7 51. Nxf7+ Kg6 52. Qe4+ Kxf7 53.
Rxh7+ Kf8 54. Qe7+ Kg8 55. Qf7# 1-0

[Event "IX Open"]
[Site "Crema ITA"]
[Date "2007.09.08"]
[Round "3"]
[White "Calvi, Gianluca"]
[Black "Annoni, Riccardo"]
[Result "0-1"]
[WhiteElo "1885"]
[BlackElo "2080"]
[PlyCount "100"]
[EventDate "2007.09.07"]

1. d4 d5 2. c4 dxc4 3. Nc3 a6 4. Nf3 b5 5. a3 Bb7 6. e3 c5 7. Be2 Nf6 8. b3
cxb3 9. Qxb3 cxd4 10. Nxd4 e6 11. Bf3 Bxf3 12. Nxf3 Be7 13. Bb2 Nc6 14. O-O Na5
15. Qc2 Nc4 16. Rfd1 Qa5 17. Nd4 Nxb2 18. Qxb2 Rc8 19. Nce2 O-O 20. Nb3 Qa4 21.
Rd4 Rc4 22. Nc3 Rxd4 23. Nxd4 Qa5 24. Nc6 Qc7 25. Nxe7+ Qxe7 26. Qb4 Qc7 27. h3
Rc8 28. Rd1 h6 29. Ne2 Rd8 30. Rc1 Qd6 31. Qa5 Qd2 32. Qc7 Rd7 33. Qc8+ Kh7 34.
Nd4 Qb2 35. Rc7 Rxc7 36. Qxc7 Qa1+ 37. Kh2 Qxa3 38. Qxf7 Qd6+ 39. Kg1 Qd7 40.
Qf8 e5 41. Nf3 Qd1+ 42. Kh2 Qd5 43. Qb4 Ne4 44. Qb2 a5 45. Nxe5 Nxf2 46. Qxf2
Qxe5+ 47. Kg1 Qe4 48. Qd2 b4 49. Kf2 b3 50. Qxa5 b2 0-1

[Event "IX Open"]
[Site "Crema ITA"]
[Date "2007.09.08"]
[Round "3"]
[White "Cammarota, Vittorio"]
[Black "Mombelli, Antonio"]
[Result "1-0"]
[WhiteElo "1916"]
[BlackElo "1693"]
[PlyCount "133"]
[EventDate "2007.09.07"]

1. e4 c5 2. d3 Nc6 3. g3 Nf6 4. Bg2 d6 5. f4 g6 6. Nf3 Bg7 7. O-O O-O 8. c3 Rb8
9. a4 Qc7 10. h3 e5 11. Na3 a6 12. Nh4 b5 13. axb5 axb5 14. f5 b4 15. Nc4 Na7
16. Nxd6 Qxd6 17. Rxa7 c4 18. dxc4 Qb6+ 19. Kh2 Qxa7 20. fxg6 fxg6 21. Qd6 Qb6
22. Qd2 bxc3 23. bxc3 Ba6 24. Qa2 Kh8 25. Nf3 Rbe8 26. Ba3 Bb7 27. Bxf8 Bxf8
28. Ng5 Kg7 29. c5 Qc7 30. Ne6+ Rxe6 31. Qxe6 Qc6 32. Rxf6 Qxe6 33. Rxe6 Kf7
34. Rb6 Bc8 35. c6 Bd6 36. Bf1 Bc7 37. Rb2 Ke7 38. Rd2 Ba5 39. Rd3 Ke8 40. Rf3
Ke7 41. Bb5 Be6 42. c4 Bc7 43. Ra3 Bb6 44. Ra6 Bc7 45. c5 Bf7 46. Ra7 Kd8 47.
Ra8+ Ke7 48. g4 h5 49. g5 Be8 50. Kg3 Bf7 51. h4 Be6 52. Rh8 Ba5 53. Rh7+ Kf8
54. Kf2 Bf7 55. Rh8+ Ke7 56. Ra8 Bc7 57. Ke3 Be6 58. Bf1 Bb3 59. Bh3 Bc4 60.
Bd7 Bf7 61. Kd3 Bb3 62. Kc3 Bf7 63. Kb4 Bd8 64. Kb5 Bb3 65. Ka6 Bc2 66. c7 Kxd7
67. c8=Q+ 1-0

[Event "IX Open"]
[Site "Crema ITA"]
[Date "2007.09.08"]
[Round "3"]
[White "Capata, Ion"]
[Black "Ranfagni, Stefano"]
[Result "1-0"]
[WhiteElo "2142"]
[BlackElo "2031"]
[PlyCount "93"]
[EventDate "2007.09.07"]

1. e4 e5 2. Nf3 Nf6 3. Nxe5 d6 4. Nf3 Nxe4 5. d4 d5 6. Bd3 Bd6 7. c4 c6 8. O-O
O-O 9. Nc3 Nxc3 10. bxc3 Bg4 11. h3 Bh5 12. cxd5 cxd5 13. Rb1 Nd7 14. Rb5 Nb6
15. g4 Bg6 16. Ne5 Bxe5 17. dxe5 Qc7 18. Bxg6 hxg6 19. Qd4 Rac8 20. Be3 Qxc3
21. Qxc3 Rxc3 22. Bxb6 axb6 23. Rxb6 Rxh3 24. Rxb7 Ra3 25. Rd1 Rxa2 26. Rxd5
Ra6 27. Re7 Re6 28. Rxe6 fxe6 29. Rd4 Rc8 30. Kg2 Rc5 31. f4 g5 32. Kf3 gxf4
33. Kxf4 Kf7 34. Rd7+ Kf8 35. Kg5 Rxe5+ 36. Kg6 Re4 37. g5 Ra4 38. Rf7+ Ke8 39.
Kxg7 Rh4 40. g6 e5 41. Rf5 e4 42. Re5+ Kd7 43. Kf6 Rg4 44. g7 e3 45. Rxe3 Rg1
46. Re5 Kd6 47. Rg5 1-0

[Event "IX Open"]
[Site "Crema ITA"]
[Date "2007.09.08"]
[Round "3"]
[White "Cervini, Ernesto"]
[Black "Albrizio, Mauro"]
[Result "1-0"]
[WhiteElo "1467"]
[BlackElo "1697"]
[PlyCount "85"]
[EventDate "2007.09.07"]

1. e4 e6 2. Qe2 Ne7 3. c3 d5 4. exd5 exd5 5. d4 Bf5 6. Nf3 c6 7. g3 Nd7 8. Bg2
Nf6 9. O-O h6 10. Re1 Ne4 11. Nbd2 Ng6 12. Nxe4 Bxe4 13. Nd2 Be7 14. Nxe4 dxe4
15. Bxe4 Nf8 16. Be3 Nd7 17. Rad1 Nf6 18. Bc2 O-O 19. Bxh6 Re8 20. Be3 Qd7 21.
Qf3 Qh3 22. Bf5 Qh5 23. Qxh5 Nxh5 24. Re2 c5 25. Rde1 c4 26. g4 Nf6 27. Bg5 Kf8
28. Bxf6 Bxf6 29. Kg2 g6 30. Bc2 b5 31. Kg3 Rxe2 32. Rxe2 Re8 33. Rxe8+ Kxe8
34. h4 a5 35. h5 gxh5 36. gxh5 b4 37. Kg4 Kd7 38. h6 Ke6 39. Be4 b3 40. a4 Bh8
41. f4 Kd6 42. Kf5 f6 43. Ba8 1-0

[Event "IX Open"]
[Site "Crema ITA"]
[Date "2007.09.08"]
[Round "3"]
[White "Codenotti, Marco"]
[Black "Romagnoli, Franco"]
[Result "0-1"]
[WhiteElo "1969"]
[BlackElo "2111"]
[PlyCount "48"]
[EventDate "2007.09.07"]

1. e4 g6 2. d4 Bg7 3. Nc3 c6 4. Bc4 b5 5. Bb3 a5 6. Qf3 e6 7. a4 b4 8. Nce2 d5
9. c3 Qb6 10. exd5 exd5 11. Bg5 Be6 12. Nh3 Nd7 13. Nhf4 Ngf6 14. Nxe6 fxe6 15.
Bxf6 O-O 16. Qe3 Rxf6 17. c4 Raf8 18. O-O Qd8 19. Rac1 Kh8 20. Rc2 Nb8 21. Re1
Rxf2 22. Qxe6 Qh4 23. Qh3 Rxg2+ 24. Kxg2 Rf2+ 0-1

[Event "IX Open"]
[Site "Crema ITA"]
[Date "2007.09.08"]
[Round "3"]
[White "Colombo, Luca"]
[Black "Calvi, Luca"]
[Result "1-0"]
[WhiteElo "1766"]
[BlackElo "1560"]
[PlyCount "71"]
[EventDate "2007.09.07"]

1. e4 e6 2. d4 d5 3. e5 c5 4. c3 Qb6 5. Nf3 Bd7 6. Bd3 Bb5 7. O-O Bxd3 8. Qxd3
Qa6 9. Qd1 Nc6 10. Nbd2 cxd4 11. cxd4 Nge7 12. Nb3 Nf5 13. a3 Qb6 14. g4 Nh6
15. h3 f6 16. Bxh6 gxh6 17. exf6 Kf7 18. Ne5+ Nxe5 19. dxe5 Rg8 20. Qd3 Rg6 21.
Kh2 Kg8 22. f4 Rc8 23. f5 Rg5 24. Rad1 h5 25. gxh5 Kh8 26. Rd2 Bh6 27. Rc1 Rcg8
28. Nd4 Rg3 29. Qxg3 Rxg3 30. Kxg3 Kg8 31. Rc8+ Kf7 32. fxe6+ Qxe6 33. Nxe6
Kxe6 34. f7 Ke7 35. f8=Q+ Bxf8 36. Rxf8 1-0

[Event "IX Open"]
[Site "Crema ITA"]
[Date "2007.09.08"]
[Round "3"]
[White "Corbellini, Nicola"]
[Black "Stella, Andrea"]
[Result "1/2-1/2"]
[WhiteElo "1533"]
[BlackElo "2132"]
[PlyCount "46"]
[EventDate "2007.09.07"]

1. e4 e6 2. d4 d5 3. Nc3 Bb4 4. e5 c5 5. a3 Bxc3+ 6. bxc3 Qa5 7. Bd2 Qa4 8. Qg4
g6 9. Nf3 Nc6 10. Bd3 c4 11. Be2 Qxc2 12. O-O Bd7 13. a4 Na5 14. Bd1 Qb2 15.
Be2 Qc2 16. Bd1 Qb2 17. Be2 Qb6 18. Rfb1 Qc7 19. Bd1 Ne7 20. Bg5 h5 21. Qf4 Ng8
22. Bc2 Nc6 23. Nh4 Nce7 1/2-1/2

[Event "IX Open"]
[Site "Crema ITA"]
[Date "2007.09.08"]
[Round "3"]
[White "D'Apa, Massimo"]
[Black "Vuckovic, Dimitrije"]
[Result "1-0"]
[WhiteElo "1521"]
[BlackElo "1428"]
[PlyCount "54"]
[EventDate "2007.09.07"]

1. e4 c5 2. c3 d6 3. d4 Qc7 4. Nf3 Bg4 5. h3 Bh5 6. Be2 Bxf3 7. Bxf3 e6 8. O-O
cxd4 9. cxd4 Nd7 10. Be3 Ngf6 11. Nc3 Nb6 12. Be2 a6 13. f3 Be7 14. Na4 O-O 15.
Nxb6 Qxb6 16. Qd2 h6 17. d5 Qc7 18. Rac1 Qd8 19. Bc4 e5 20. Qf2 Nh7 21. Bb6 Qd7
22. Bb3 Bd8 23. Rc4 Qb5 24. Bxd8 Rfxd8 25. Rfc1 Qe8 26. Qb6 Qe7 27. Rc7 Rd7 1-0

[Event "IX Open"]
[Site "Crema ITA"]
[Date "2007.09.08"]
[Round "3"]
[White "De Palma, Fabrizio"]
[Black "Ficco, Corrado"]
[Result "1/2-1/2"]
[WhiteElo "1972"]
[BlackElo "2158"]
[PlyCount "42"]
[EventDate "2007.09.07"]

1. e4 e6 2. d4 d5 3. Nc3 Bb4 4. a3 Bxc3+ 5. bxc3 Ne7 6. Qg4 O-O 7. e5 c5 8. Bd3
f5 9. exf6 Rxf6 10. Bg5 Rf7 11. Qh5 g6 12. Qh4 Nbc6 13. Nf3 Qc7 14. Qg3 Qxg3
15. hxg3 c4 16. Be2 Bd7 17. g4 Re8 18. Ne5 Nxe5 19. dxe5 Ba4 20. Rc1 Ref8 21.
Bf6 Rxf6 1/2-1/2

[Event "IX Open"]
[Site "Crema ITA"]
[Date "2007.09.08"]
[Round "3"]
[White "Gerundino, Nicola"]
[Black "Bonazzi, Edoardo"]
[Result "1/2-1/2"]
[WhiteElo "1965"]
[BlackElo "2185"]
[PlyCount "50"]
[EventDate "2007.09.07"]

1. e4 c6 2. d4 d5 3. exd5 cxd5 4. Bd3 Nc6 5. c3 Nf6 6. Bf4 Bg4 7. Qb3 Qd7 8.
Nd2 e6 9. Ngf3 Bxf3 10. Nxf3 Bd6 11. Bxd6 Qxd6 12. O-O O-O 13. Rfe1 Rab8 14. a4
Rfc8 15. Ne5 Na5 16. Qd1 Nc4 17. Qe2 Qc7 18. Bxc4 dxc4 19. a5 b5 20. axb6 axb6
21. Ra6 b5 22. Rea1 Rb6 23. Ra7 Rb7 24. R7a6 Rb6 25. Ra7 Rb7 1/2-1/2

[Event "IX Open"]
[Site "Crema ITA"]
[Date "2007.09.08"]
[Round "3"]
[White "Masotti, Roberto"]
[Black "Pezzotta, Gianni"]
[Result "1-0"]
[WhiteElo "1948"]
[BlackElo "1718"]
[PlyCount "89"]
[EventDate "2007.09.07"]

1. Nf3 d5 2. d4 f5 3. c4 c6 4. Qc2 Nf6 5. Nc3 g6 6. Bg5 Bg7 7. Bxf6 Bxf6 8.
cxd5 cxd5 9. Nxd5 Qxd5 10. Qxc8+ Kf7 11. Qc3 Nc6 12. e3 Kg7 13. Bc4 Qd6 14. O-O
Rac8 15. Qd3 Nb4 16. Qb3 Nc6 17. Be6 Rb8 18. Rac1 b6 19. Qd5 Qxd5 20. Bxd5 Nd8
21. Rc7 a5 22. Rfc1 Nf7 23. Ne5 Nd6 24. Nd7 Rbd8 25. Nxf6 Kxf6 26. R1c6 Rc8 27.
f3 Rxc7 28. Rxc7 Rc8 29. Rxc8 Nxc8 30. e4 e6 31. Bb7 Ne7 32. Kf2 Kf7 33. Ke3
Ke8 34. Kf4 fxe4 35. fxe4 Kd7 36. Ke5 Ng8 37. d5 exd5 38. Bxd5 Nh6 39. Be6+ Ke7
40. g4 g5 41. a4 Nf7+ 42. Bxf7 Kxf7 43. Kd6 Kf6 44. e5+ Kf7 45. Kd7 1-0

[Event "IX Open"]
[Site "Crema ITA"]
[Date "2007.09.08"]
[Round "3"]
[White "Milanesi, Erminio"]
[Black "Marrone, Vincenzo"]
[Result "0-1"]
[WhiteElo "1862"]
[BlackElo "1939"]
[PlyCount "71"]
[EventDate "2007.09.07"]

1. e4 c5 2. d3 Nc6 3. g3 g6 4. c3 d5 5. Nd2 Bg7 6. Nh3 e5 7. f3 Nge7 8. Nf2 b6
9. Bg2 Be6 10. exd5 Nxd5 11. Nde4 h6 12. Qe2 Qd7 13. O-O O-O 14. Re1 Kh7 15. a3
Rad8 16. Nd2 Rfe8 17. Nf1 f5 18. Bd2 Nce7 19. Rad1 Nc6 20. b4 cxb4 21. axb4 b5
22. h3 a5 23. bxa5 b4 24. Rc1 bxc3 25. Bxc3 Nxc3 26. Rxc3 Nxa5 27. Qc2 Rc8 28.
Rc1 Nb3 29. Rxc8 Rxc8 30. Qxc8 Qxc8 31. Rxc8 Bxc8 32. Ne3 Ba6 33. Nc4 Kg8 34.
Bf1 Nd4 35. Kg2 Bb7 36. Nd1 0-1

[Event "IX Open"]
[Site "Crema ITA"]
[Date "2007.09.08"]
[Round "3"]
[White "Mora, Lorenzo"]
[Black "Casale, Anania"]
[Result "1-0"]
[WhiteElo "1920"]
[BlackElo "1703"]
[PlyCount "45"]
[EventDate "2007.09.07"]

1. e4 c5 2. Nf3 e6 3. d3 Nc6 4. g3 d5 5. Nbd2 dxe4 6. dxe4 Qc7 7. Bg2 Nf6 8.
O-O b5 9. Qe2 c4 10. a4 Ba6 11. Re1 e5 12. b3 Nb4 13. axb5 Nxc2 14. Rxa6 Nxe1
15. Nxe1 Bc5 16. Rc6 Qe7 17. Nxc4 O-O 18. Nd3 Bd4 19. Ba3 Qb7 20. Nd6 Qd7 21.
Nf5 Rfb8 22. Rxf6 gxf6 23. Qg4+ 1-0

[Event "IX Open"]
[Site "Crema ITA"]
[Date "2007.09.08"]
[Round "3"]
[White "Murgia, Andrea"]
[Black "Fizzotti, Mario"]
[Result "1-0"]
[WhiteElo "2042"]
[BlackElo "1839"]
[PlyCount "89"]
[EventDate "2007.09.07"]

1. e4 e5 2. Nf3 Nf6 3. Nxe5 d6 4. Nf3 Nxe4 5. d4 d5 6. Bd3 Nc6 7. c3 Bd6 8. O-O
O-O 9. Re1 Re8 10. Nbd2 f5 11. Qc2 b6 12. Bb5 Bd7 13. Nf1 a6 14. Bd3 Qf6 15. b4
Ne7 16. Ne5 Bxe5 17. dxe5 Qxe5 18. Bb2 Qd6 19. Rad1 Qh6 20. c4 c6 21. Qb3 Be6
22. f3 Nd6 23. Qc3 Bf7 24. c5 bxc5 25. Qxc5 f4 26. Re5 Nef5 27. Rxf5 Nxf5 28.
Bxf5 Re2 29. Rd2 Rae8 30. Rxe2 Rxe2 31. Qd4 Qg5 32. Bg4 h5 33. h4 Qg6 34. Bh3
Be6 35. Bxe6+ Rxe6 36. Qd2 Qb1 37. Bc1 Kh7 38. g3 fxg3 39. Nxg3 Qg6 40. Kf2 Qf6
41. Qc2+ Kh8 42. Kg2 Qxh4 43. Qf5 Re7 44. Bg5 Qxb4 45. Qf8+ 1-0

[Event "IX Open"]
[Site "Crema ITA"]
[Date "2007.09.08"]
[Round "3"]
[White "Mussap, Angelo"]
[Black "Scalcione, Michelangelo"]
[Result "0-1"]
[WhiteElo "2083"]
[BlackElo "2288"]
[PlyCount "93"]
[EventDate "2007.09.07"]

1. e4 d6 2. d4 Nf6 3. Nc3 e5 4. dxe5 dxe5 5. Qxd8+ Kxd8 6. Bg5 Be6 7. O-O-O+
Nbd7 8. Nf3 Kc8 9. a3 Ng4 10. Bh4 f6 11. h3 Nh6 12. Nd2 Nb6 13. f3 Bc5 14. Be2
a5 15. Rhf1 a4 16. Bf2 Bxf2 17. Rxf2 Nf7 18. Nf1 c6 19. Ne3 Kc7 20. Bf1 h5 21.
Rfd2 h4 22. Be2 Rhd8 23. Rxd8 Nxd8 24. Rd2 Nf7 25. Bf1 Nd6 26. Ncd1 g6 27. Nf2
f5 28. exf5 gxf5 29. Nd3 Nd7 30. f4 e4 31. Ne5 Nxe5 32. fxe5 Nf7 33. Bc4 Bxc4
34. Nxc4 Re8 35. Rf2 Nh6 36. Rf4 b5 37. Ne3 Rxe5 38. Rxh4 Re6 39. Rf4 Kd6 40.
Nxf5+ Ke5 41. Ng7 Rd6 42. Rf2 Rd7 43. Nh5 Nf5 44. g4 Ne3 45. Rd2 Rf7 46. Re2
Rf1+ 47. Kd2 0-1

[Event "IX Open"]
[Site "Crema ITA"]
[Date "2007.09.08"]
[Round "3"]
[White "Okhotnik, Vladimir"]
[Black "Martino, Antonio M."]
[Result "1-0"]
[WhiteElo "2468"]
[BlackElo "2005"]
[PlyCount "37"]
[EventDate "2007.09.07"]

1. e4 c5 2. c3 d5 3. exd5 Qxd5 4. d4 Nf6 5. Nf3 e6 6. Na3 Be7 7. Nb5 Na6 8. Be2
O-O 9. O-O Qd8 10. Bf4 Nd5 11. Bg3 Nac7 12. Nxc7 Nxc7 13. dxc5 Bd7 14. Ne5 Be8
15. b4 f6 16. Nc4 e5 17. Nd6 Bxd6 18. cxd6 Nb5 19. Qd5+ 1-0

[Event "IX Open"]
[Site "Crema ITA"]
[Date "2007.09.08"]
[Round "3"]
[White "Oteri, Aldo"]
[Black "Folcini, Gaddo"]
[Result "1-0"]
[WhiteElo "1957"]
[BlackElo "1481"]
[PlyCount "61"]
[EventDate "2007.09.07"]

1. e4 e5 2. Nf3 d5 3. Nxe5 Nf6 4. d4 Be7 5. c4 dxe4 6. Nc3 O-O 7. Be2 Nc6 8.
Nxc6 bxc6 9. O-O Bf5 10. Be3 Qd7 11. h3 Bxh3 12. gxh3 Qxh3 13. Bf4 Bd6 14. Qd2
Bxf4 15. Qxf4 Rae8 16. Rad1 Re6 17. Qh2 Qf5 18. d5 Nxd5 19. cxd5 Rg6+ 20. Kh1
Rh6 21. Qxh6 gxh6 22. Bg4 Qe5 23. Rg1 Kh8 24. Rg3 f5 25. Bh3 Rb8 26. dxc6 Qc5
27. Rg2 Rf8 28. Rd5 Qxc3 29. Bxf5 Rg8 30. Bxe4 Rxg2 31. Rd8+ 1-0

[Event "IX Open"]
[Site "Crema ITA"]
[Date "2007.09.08"]
[Round "3"]
[White "Panizzi, Giuseppe"]
[Black "Distratis, Gianluca"]
[Result "1-0"]
[WhiteElo "2131"]
[BlackElo "1881"]
[PlyCount "37"]
[EventDate "2007.09.07"]

1. Nf3 d6 2. d4 Bg4 3. e4 g6 4. Be3 Bg7 5. h3 Bxf3 6. Qxf3 c5 7. Bb5+ Nc6 8. c3
cxd4 9. cxd4 Qa5+ 10. Nc3 e6 11. O-O a6 12. Bxc6+ bxc6 13. d5 cxd5 14. exd5 e5
15. Ne4 Qc7 16. Rac1 Qd7 17. Rc6 f5 18. Nxd6+ Ke7 19. Bc5 1-0

[Event "IX Open"]
[Site "Crema ITA"]
[Date "2007.09.08"]
[Round "3"]
[White "Paravella, Alberto"]
[Black "Casartelli, Fabio"]
[Result "0-1"]
[WhiteElo "1542"]
[BlackElo "1916"]
[PlyCount "70"]
[EventDate "2007.09.07"]

1. e4 e5 2. Nf3 Nf6 3. Nxe5 d6 4. Nf3 Nxe4 5. d4 d5 6. Bd3 Be7 7. O-O Bg4 8.
Re1 Nc6 9. Bxe4 dxe4 10. Rxe4 Bxf3 11. gxf3 f5 12. Rf4 O-O 13. d5 Bg5 14. Rc4
Bxc1 15. Qxc1 Qxd5 16. Rf4 Rad8 17. Nc3 Qd2 18. Nb5 Rf7 19. Qxd2 Rxd2 20. Re1
g5 21. Rc4 a6 22. Na3 Nd4 23. Kg2 Kg7 24. Kg3 c6 25. Kg2 b5 26. Rc5 b4 27. Nc4
Rxc2 28. Rd1 Ne6 29. Rxc6 Re7 30. h3 h5 31. Rd2 Nf4+ 32. Kg1 Nxh3+ 33. Kh2 Rxd2
34. Nxd2 Nxf2 35. Nc4 Nd3 0-1

[Event "IX Open"]
[Site "Crema ITA"]
[Date "2007.09.08"]
[Round "3"]
[White "Perico, Gianvittorio"]
[Black "Santandrea, Marco"]
[Result "1-0"]
[WhiteElo "1697"]
[BlackElo "1837"]
[PlyCount "111"]
[EventDate "2007.09.07"]

1. e4 c6 2. d4 d5 3. Nc3 dxe4 4. Nxe4 Nf6 5. Nc3 e5 6. dxe5 Qxd1+ 7. Nxd1 Ng4
8. Nf3 Nd7 9. Bf4 Nc5 10. h3 Ne6 11. Bg3 Nh6 12. Ne3 Bc5 13. Bd3 Bxe3 14. fxe3
Nc5 15. O-O-O Bf5 16. Bxf5 Nxf5 17. Bf4 Ne4 18. g4 Nfg3 19. Rh2 h5 20. Rg2 hxg4
21. hxg4 Nh1 22. Rf1 Rd8 23. Nd2 Nhg3 24. Rf3 Nh1 25. g5 Rd7 26. Nf1 Ke7 27. b3
Rhd8 28. Rh2 Nhf2 29. Rfxf2 Nxf2 30. Rxf2 Rd1+ 31. Kb2 g6 32. Ng3 R8d2 33. Rxd2
Rxd2 34. Ne4 Rd8 35. Nd6 b5 36. Kc3 Rd7 37. Kb4 Ke6 38. Kc5 Rc7 39. e4 Ke7 40.
Nxf7 Rd7 41. Nh8 Rd1 42. Nxg6+ Ke6 43. Kxc6 Ra1 44. Kxb5 Rxa2 45. c4 a6+ 46.
Kc5 a5 47. Nf8+ Ke7 48. Nh7 Rb2 49. Kb5 Rxb3+ 50. Kxa5 Kf7 51. c5 Ra3+ 52. Kb6
Rb3+ 53. Kc7 Rf3 54. Bd2 Ke6 55. c6 Rg3 56. Nf6 1-0

[Event "IX Open"]
[Site "Crema ITA"]
[Date "2007.09.08"]
[Round "3"]
[White "Potenza, Gaetano"]
[Black "Pagano, Davide"]
[Result "1-0"]
[WhiteElo "1673"]
[BlackElo "1464"]
[PlyCount "63"]
[EventDate "2007.09.07"]

1. e4 e6 2. d4 d5 3. e5 c5 4. c3 Nc6 5. Nf3 Qb6 6. Be2 cxd4 7. cxd4 Bb4+ 8. Nc3
Qc7 9. Bd2 Nge7 10. Nb5 Bxd2+ 11. Qxd2 Qb6 12. Nd6+ Kf8 13. O-O Nf5 14. Nxf5
exf5 15. Rac1 Be6 16. Rc5 a6 17. Rfc1 Rc8 18. b4 Ke7 19. Qg5+ Kd7 20. b5 Nxd4
21. Nxd4 Rxc5 22. Rxc5 Qxc5 23. Nxe6 Kxe6 24. Qxg7 Rc8 25. Qf6+ Kd7 26. Qxf7+
Kd8 27. e6 Qe7 28. Qxf5 Rc5 29. bxa6 bxa6 30. Qe5 Rc1+ 31. Bf1 Ra1 32. Qb8# 1-0

[Event "IX Open"]
[Site "Crema ITA"]
[Date "2007.09.08"]
[Round "3"]
[White "Radaelli, Pietro"]
[Black "Biava, Pierluigi"]
[Result "0-1"]
[WhiteElo "1470"]
[BlackElo "1739"]
[PlyCount "93"]
[EventDate "2007.09.07"]

1. c4 e5 2. Nc3 Nf6 3. g3 Be7 4. Bg2 O-O 5. d3 c6 6. Nf3 Qc7 7. e4 d6 8. O-O
Nbd7 9. Be3 a5 10. a4 Nc5 11. Bxc5 dxc5 12. Nh4 Rd8 13. Qc2 Ng4 14. Nf3 Be6 15.
h3 Nh6 16. Rad1 f6 17. Ne1 Rd6 18. f4 Qd7 19. Kh2 Rd8 20. fxe5 fxe5 21. b3 Bg4
22. hxg4 Nxg4+ 23. Kg1 Ne3 24. Qe2 Nxd1 25. Nxd1 Rxd3 26. Nxd3 Qxd3 27. Qxd3
Rxd3 28. Nf2 Rxg3 29. Rb1 h5 30. Kh2 h4 31. Nh3 g5 32. Nf2 g4 33. Rb2 Bg5 34.
Nh1 Rc3 35. Kg1 Be3+ 36. Kf1 Bd4 37. Rb1 h3 38. Bxh3 gxh3 39. Ke2 Re3+ 40. Kf1
Rxe4 41. Ng3 Rf4+ 42. Ke2 Rf2+ 43. Kd1 Rg2 44. Nh1 e4 45. Rc1 e3 46. Rb1 h2 47.
Rc1 0-1

[Event "IX Open"]
[Site "Crema ITA"]
[Date "2007.09.08"]
[Round "3"]
[White "Salami, Marco"]
[Black "D'Apa, Matteo"]
[Result "1/2-1/2"]
[WhiteElo "2225"]
[BlackElo "2055"]
[PlyCount "68"]
[EventDate "2007.09.07"]

1. d4 d5 2. Nc3 Nf6 3. Bg5 e6 4. Nf3 c5 5. e4 cxd4 6. Nxd4 dxe4 7. Bb5+ Nbd7 8.
O-O Be7 9. Bxf6 Bxf6 10. Nxe4 O-O 11. c3 Nb6 12. Nb3 Qe7 13. Qh5 Nd5 14. Bd3 g6
15. Nxf6+ Qxf6 16. Qh6 b6 17. Be4 Rb8 18. Bxd5 exd5 19. Rfe1 Bd7 20. Rad1 Rbe8
21. Qd2 Rxe1+ 22. Rxe1 Be6 23. Qh6 Re8 24. Qd2 Qd8 25. h3 Qd6 26. Qg5 Bd7 27.
Rxe8+ Bxe8 28. Nd4 f6 29. Qh4 Qe5 30. f4 Qe3+ 31. Kh2 Qe7 32. Qg3 Bd7 33. h4
Qd6 34. Qe3 Kf7 1/2-1/2

[Event "IX Open"]
[Site "Crema ITA"]
[Date "2007.09.08"]
[Round "3"]
[White "Sartorio, Diego"]
[Black "Tedoldi, Guido"]
[Result "1-0"]
[WhiteElo "1901"]
[BlackElo "1419"]
[PlyCount "51"]
[EventDate "2007.09.07"]

1. e4 c5 2. Nf3 d6 3. c3 Nc6 4. h3 Nf6 5. Bd3 e6 6. O-O Be7 7. Re1 O-O 8. Bc2
e5 9. d4 cxd4 10. cxd4 Qc7 11. Nc3 Re8 12. Be3 Na5 13. Bd3 a6 14. Rc1 Qd8 15.
dxe5 dxe5 16. Nxe5 Bd6 17. Nf3 Bc7 18. Bg5 Be6 19. e5 h6 20. exf6 hxg5 21. Nxg5
g6 22. Rxe6 Bf4 23. Nxf7 Kxf7 24. Rxe8 Qxe8 25. Qg4 Bg5 26. Qxg5 1-0

[Event "IX Open"]
[Site "Crema ITA"]
[Date "2007.09.08"]
[Round "3"]
[White "Usuelli, Michele"]
[Black "Colzi, Dante"]
[Result "1-0"]
[WhiteElo "1527"]
[BlackElo "1905"]
[PlyCount "92"]
[EventDate "2007.09.07"]

1. e4 e6 2. d4 d5 3. Nc3 Nf6 4. e5 Nfd7 5. Qh5 c5 6. Nf3 cxd4 7. Nxd4 g6 8. Qg5
Qc7 9. Ncb5 Qb6 10. Be3 Qa5+ 11. Bd2 Qb6 12. O-O-O h6 13. Qg3 a6 14. Nxe6 axb5
15. Nxf8 Nxf8 16. Be3 Qc6 17. Qf3 Be6 18. Qf6 Rh7 19. Kb1 Nbd7 20. Qh4 Ra4 21.
Qg3 Nc5 22. Bd4 Nfd7 23. f3 Bf5 24. Qf2 Ne6 25. Be3 g5 26. b3 Ra5 27. g4 Bg6
28. h4 Rg7 29. hxg5 hxg5 30. Rh8+ Ke7 31. Bd3 Nxe5 32. Bxg6 Nxg6 33. Rh5 Ngf4
34. Rh6 Rg8 35. Bc5+ Qxc5 36. Qd2 Rga8 37. b4 Qc4 38. bxa5 Ne2 39. Re1 Nc3+ 40.
Kc1 Rxa5 41. Rhxe6+ fxe6 42. Qxg5+ Kd7 43. Qg7+ Kd6 44. Qe5+ Kc5 45. Qc7+ Kd4
46. Qxa5 Nxa2+ 1-0

[Event "IX Open"]
[Site "Crema ITA"]
[Date "2007.09.08"]
[Round "3"]
[White "Valsecchi, Alessio"]
[Black "Mazzariol, Oscar"]
[Result "1-0"]
[WhiteElo "2175"]
[BlackElo "2035"]
[PlyCount "45"]
[EventDate "2007.09.07"]

1. e4 c5 2. Nf3 e6 3. Nc3 d6 4. d4 cxd4 5. Nxd4 a6 6. Be2 Nf6 7. O-O Be7 8. Be3
O-O 9. f4 Qc7 10. Kh1 Nc6 11. Qe1 Nxd4 12. Bxd4 e5 13. fxe5 dxe5 14. Qg3 Bd6
15. Be3 Kh8 16. Rxf6 gxf6 17. Nd5 Rg8 18. Qh4 Qd8 19. Nxf6 Rg7 20. Rd1 Qf8 21.
Bh6 Be7 22. Qf2 Bc5 23. Qxc5 1-0

[Event "IX Open"]
[Site "Crema ITA"]
[Date "2007.09.08"]
[Round "3"]
[White "Vetturi, Pietro"]
[Black "Libutti, Michele"]
[Result "1-0"]
[WhiteElo "1742"]
[BlackElo "1878"]
[PlyCount "59"]
[EventDate "2007.09.07"]

1. d4 Nf6 2. c4 g6 3. Nc3 Bg7 4. e4 d6 5. f3 O-O 6. Bg5 e5 7. dxe5 dxe5 8. Qxd8
Rxd8 9. Nd5 Nbd7 10. Nxc7 Rb8 11. Rd1 h6 12. Be3 b6 13. Ne2 Bb7 14. Nc3 Rbc8
15. N7d5 Nxd5 16. cxd5 Bf8 17. Bb5 Kg7 18. O-O Nc5 19. Na4 Nd7 20. Rc1 Nc5 21.
Nxc5 Bxc5 22. Bxc5 Rxc5 23. Rxc5 bxc5 24. Rc1 Rc8 25. d6 f5 26. d7 Rd8 27. Rxc5
a6 28. Ba4 Kf6 29. Rc7 Rb8 30. Rxb7 1-0

[Event "IX Open"]
[Site "Crema ITA"]
[Date "2007.09.08"]
[Round "3"]
[White "Vigano', Massimo"]
[Black "Perrotta, Leopoldo"]
[Result "1-0"]
[WhiteElo "2103"]
[BlackElo "1875"]
[PlyCount "43"]
[EventDate "2007.09.07"]

1. e4 Nf6 2. e5 Nd5 3. d4 d6 4. c4 Nb6 5. f4 dxe5 6. fxe5 Nc6 7. Be3 Bf5 8. Nc3
e6 9. Nf3 Bg4 10. Be2 Bxf3 11. gxf3 Be7 12. Qd2 a5 13. O-O-O a4 14. Ne4 Na5 15.
Qc2 Nc6 16. Kb1 Nb4 17. Qd2 c6 18. Rhg1 g6 19. Bh6 Nd7 20. Bg7 Rg8 21. Qh6 Nf8
22. Bf6 1-0